LEADER 00976nam--2200361---450- 001 990001234120203316 005 20050623085525.0 035 $a000123412 035 $aUSA01000123412 035 $a(ALEPH)000123412USA01 035 $a000123412 100 $a20031103d1955----km-y0itay0103----ba 101 0 $afre 102 $aFR 105 $a||||||||001yy 200 1 $aPolémique$fRaymond Aron 210 $aParis$cGallimard$d1955 215 $a247 p.$d19 cm 225 2 $a<> Essays$v71 410 0$12001$a<> Essays$v71 454 1$12001 461 1$1001-------$12001 700 1$aARON,$bRaymond$045642 801 0$aIT$bsalbc$gISBD 912 $a990001234120203316 951 $aII.1.D. 2404(IV-C-1520)$b31212 L.M.$cIV-C 959 $aBK 969 $aUMA 979 $aSIAV7$b10$c20031103$lUSA01$h1324 979 $aPATRY$b90$c20040406$lUSA01$h1728 979 $aCOPAT5$b90$c20050623$lUSA01$h0855 996 $aPolémique$9987662 997 $aUNISA